La fotografía como fuente de sentidos/
ste libro tiene por objetivo analizar cómo la fotografía puede convertirse en un insumo fundamental para hacer investigación científica. Como es ampliamente difundido, la sociología pretende, en su formulación clásica, comprender y explicar las relaciones sociales. El enfoque de sociología de la cul...
Saved in:
| Main Author: | |
|---|---|
| Format: | Book |
| Language: | Spanish |
| Published: |
San José, Costa Rica:
Flacso ,Sede Académica Costa Rica
2008
|
| Series: | Cuaderno de Ciencias Sociales
|
| Subjects: | |
| Online Access: | https://flacso.or.cr/wp-content/uploads/2008/08/ccs_150.pdf |
| Tags: |
Add Tag
No Tags, Be the first to tag this record!
|
MARC
| LEADER | 00000nam a22000007a 4500 | ||
|---|---|---|---|
| 003 | cru CIDCACS/IIS | ||
| 005 | 20210510014234.0 | ||
| 008 | 210510b2008 CR ||||| |||| 00| 0 spa d | ||
| 022 | |2 1409-3677 | ||
| 040 | |a cru CIDCACS/IIS |c cru CIDCACS/IIS | ||
| 090 | |a REV0229(150) 2008 | ||
| 100 | 1 | |9 4977 |a Suárez, Hugo José | |
| 245 | 1 | 2 | |a La fotografía como fuente de sentidos/ |c Hugo José Suárez |
| 260 | |a San José, Costa Rica: |b Flacso ,Sede Académica Costa Rica |c 2008 | ||
| 300 | |a 119 páginas | ||
| 440 | |9 9960 |a Cuaderno de Ciencias Sociales | ||
| 520 | |a ste libro tiene por objetivo analizar cómo la fotografía puede convertirse en un insumo fundamental para hacer investigación científica. Como es ampliamente difundido, la sociología pretende, en su formulación clásica, comprender y explicar las relaciones sociales. El enfoque de sociología de la cultura en el cual se inscribe de manear global la reflexión, considera al ser humano como productor de sentidos que quedan plasmados en las manifestaciones culturales. La fotografía es una de estas manifestaciones, por lo que en sus imágenes están reflejadas las estructuras más profundas que pueden guiar nuestra existencia. | ||
| 650 | 0 | |9 3142 |a FOTOGRAFIA | |
| 650 | 0 | |9 5178 |a ASPECTOS CULTURALES | |
| 650 | 0 | |9 2081 |a SOCIOLOGIA | |
| 651 | 0 | |9 3492 |a BOLIVIA | |
| 773 | |o REV0229(150) 2008 |t Cuaderno de Ciencias Sociales | ||
| 856 | |u https://flacso.or.cr/wp-content/uploads/2008/08/ccs_150.pdf | ||
| 942 | |2 ddc |c PP | ||
| 999 | |c 43664 |d 43664 | ||
| 773 | 0 | |0 19554 |9 5575 |a FLACSO, Costa Rica |d San José, Costa Rica: FLACSO, |o 06789 |t Cuaderno de Ciencias Sociales / |x 14093677 | |
| 773 | 0 | |0 19554 |9 5575 |a FLACSO, Costa Rica |d San José, Costa Rica: FLACSO, |o 06789 |t Cuaderno de Ciencias Sociales / |x 14093677 | |
